101 Nutrition tips for people with diabetes / (Record no. 133359)

MARC details
000 -LEADER
fixed length control field 00865nam a22002657a 4500
003 - CONTROL NUMBER IDENTIFIER
control field dpl
005 - DATE AND TIME OF LATEST TRANSACTION
control field 20180607143506.0
008 - FIXED-LENGTH DATA ELEMENTS--GENERAL INFORMATION
fixed length control field 180607b xxu||||| |||| 00| 0 eng d
010 ## - LIBRARY OF CONGRESS CONTROL NUMBER
LC control number B-226284
020 ## - INTERNATIONAL STANDARD BOOK NUMBER
Terms of availability 135.00
International Standard Book Number 8176492302
035 ## - SYSTEM CONTROL NUMBER
System control number B-226284, B-226296
037 ## - SOURCE OF ACQUISITION
Source of stock number/acquisition Cen Lib/Ret
040 ## - CATALOGING SOURCE
Original cataloging agency DPL
Language of cataloging EN
Transcribing agency 0
082 ## - DEWEY DECIMAL CLASSIFICATION NUMBER
Classification number 616.462054
Item number GEI
100 ## - MAIN ENTRY--PERSONAL NAME
Personal name Geil, Patti B.
9 (RLIN) 37713
245 ## - TITLE STATEMENT
Title 101 Nutrition tips for people with diabetes /
Statement of responsibility, etc by Patti B. Geil [and] Lea Ann Hoizmeister
260 ## - PUBLICATION, DISTRIBUTION, ETC. (IMPRINT)
Place of publication, distribution, etc New Delhi
Name of publisher, distributor, etc Viva books
Date of publication, distribution, etc 2004
270 ## - ADDRESS
Address 4737/23, Ansari road, Daryaganj
City New Delhi
Postal code 110002
300 ## - PHYSICAL DESCRIPTION
Extent 120p.
Dimensions 21cm(pbk)
500 ## - GENERAL NOTE
General note Includes bibliographical references and index
650 ## - SUBJECT ADDED ENTRY--TOPICAL TERM
Topical term or geographic name as entry element Nutrition
9 (RLIN) 9307
650 ## - SUBJECT ADDED ENTRY--TOPICAL TERM
Topical term or geographic name as entry element Medication
9 (RLIN) 37714
700 ## - ADDED ENTRY--PERSONAL NAME
Personal name Holzmeister, Lea Ann
9 (RLIN) 37705
942 ## - ADDED ENTRY ELEMENTS (KOHA)
Source of classification or shelving scheme Dewey Decimal Classification
Koha item type English Books
Classification part 161.462054
Call number suffix GEI
Holdings
Withdrawn status Lost status Damaged status Not for loan Home library Current library Date acquired Source of acquisition Cost, normal purchase price Total Checkouts Total Renewals Full call number Barcode Date last seen Date checked out Copy number Cost, replacement price Price effective from Koha item type Source of classification or shelving scheme Collection code
        Central Library Central Library 25/07/2015 Cen Lib/Ret 135.00 11 1 616.462054 GEI B-226284 29/04/2026 20/04/2026 1 135.00 25/07/2015 English Books    
        Sarojini Nagar Sarojini Nagar 30/05/2019         161.462054 GEI B-226291 30/05/2019       30/05/2019 English Books Dewey Decimal Classification Non-fiction
        Shahdara Branch Shahdara Branch 07/06/2018 BPPD/PUB 135.00 2   161.462054 GEI B-226296 14/02/2020 29/01/2020   135.00 07/06/2018 English Books Dewey Decimal Classification Non-fiction
        Yojana Vihar Yojana Vihar 11/07/2019 BPPD/PUB 135.00 2 4 161.462054 GEI B-226297 17/07/2023 10/06/2023 1 135.00 11/07/2019 English Books Dewey Decimal Classification Non-fiction

© Delhi Public Library
Hit Counter
free hit counter